000 00561pab a2200193 454500
008 180718b2009 xxu||||| |||| 00| 0 eng d
100 _aWalque, Damien De
245 _aParental education and children's schooling outcomes: evidence from recomposed families in Rwanda
260 _c2009
300 _ap.723-46
362 _aJul
650 _aSchools - Rwanda
650 _aEducation - Rwanda
650 _aParent education - Rwanda
650 _aParent education
773 _aEconomic Development and Cultural Change
908 _aN
909 _a82856
999 _c82856
_d82856